Coupe du Monde 1954 - Un Joueur par équipe - Statistiques

Statistiques générales
  • Ce quiz a été pris 44 fois
  • Le résultat moyen est 11 sur 16
Statistiques - réponses
Hint Réponse % Correct
Chu Yung-kwang Corée du Sud
97%
Raymond Kopa France
97%
Giampiero Boniperti Italie
92%
Miloš Milutinović Yougoslavie
92%
Didi Brésil
89%
Sándor Kocsis Hongrie
84%
Burhan Sargun Turquie
84%
Jiří Trnka Tchécoslovaquie
78%
Léopold Anoul Belgique
73%
José Luis Lamadrid Mexique
62%
Nat Lofthouse Angleterre
57%
Carlos Borges Uruguay
54%
Max Morlock Allemagne de l'Ouest
49%
Erich Probst Autriche
43%
Willie Cunningham Ecosse
41%
Josef Hügi Suisse
38%
Aucun quiz correspondant
Distribution des résultats
% des personnes avec chaque résultat
Percentile par nombre de réponses
Votre historique - résultats
Vous n’avez pas pris ce quiz